Statistics for Fast Typing - Easy Words in 15 seconds #1

Click here to take the quiz!

General Stats

  • This quiz has been taken 833 times
  • The average score is 14 of 23

Answer Stats

WordWrite% Correct
thenthen
97%
theirtheir
92%
theythey
90%
divedive
88%
sleepsleep
85%
taptap
83%
tacotaco
80%
clapclap
76%
andand
71%
howhow
65%
hehe
64%
itit
64%
sandalsandal
63%
isis
60%
areare
59%
sheshe
54%
meme
51%
whowho
47%
whenwhen
42%
vasevase
34%
bottlebottle
27%
carcar
25%
prampram
21%

Score Distribution

Percentile by Number Answered

Percent of People with Each Score

Your Score History

You have not taken this quiz